zpět

Detail výsledku týmu

Záložna ST, Pardubice

Datum a čas kvízu

37.5 Celkem bodů Celkový počet nahraných bodů na tomto kvízu bez doplňovacích otázek.
1. Pořadí na kvízu Konečné umístění týmu na tomto kvízu.

Zaznamenané odpovědi

# Otázka Odpověď Body Výsledky
1. Příslušníci jisté profese se v... popeláři 1
2. Parašutista Nicolas Scarabrin... oko jehly 0
3. TV Prima minulý týden představ... Asia Express 1
4. Který známý šéfkuchař oznámil... Emanuele Ridi 0
5. Brankář Anatolij Trubin v posl... Benfica Lisabon 1
6. Na obrázku níže můžete vidět d... Drákula a Frankenstein 1
7. Co by to bylo za hororové téma... C 0
8. Ze které (převážně videoherní)... Silent Hill 1
9. Přiřaďte herce a herečky k jej... 1B 2C 3D 4A 1
10. Čím je inspirován česko-americ... D 0